| 000 | 03072pam a2200769 cc4500 | ||
|---|---|---|---|
| 001 | 1221972952 | ||
| 003 | DE-101 | ||
| 005 | 20250426083149.0 | ||
| 007 | tu | ||
| 008 | 201123s2021 gw ||||| |||| 00||||ger | ||
| 015 |
_a21,A36 _z20,N49 _2dnb |
||
| 016 | 7 |
_2DE-101 _a1221972952 |
|
| 020 |
_a9783551798572 _cBroschur : EUR 7.00 (DE), EUR 7.20 (AT), CHF 10.50 (freier Preis) |
||
| 020 | _a3551798575 | ||
| 024 | 3 | _a9783551798572 | |
| 035 | _a(DE-599)DNB1221972952 | ||
| 035 | _a(OCoLC)1267474088 | ||
| 035 | _a(OCoLC)1225085226 | ||
| 040 |
_a1245 _bger _cDE-101 _d1247 _erda |
||
| 041 |
_ager _hjpn |
||
| 044 | _cXA-DE-HH | ||
| 082 | 7 | 4 |
_a741.5 _qDE-101 _223sdnb |
| 100 | 1 |
_0(DE-588)1236442571 _0https://d-nb.info/gnd/1236442571 _0(DE-101)1236442571 _aAsō, Haro _d1980- _eVerfasser _4aut _2gnd |
|
| 245 | 1 | 0 |
_aZombie 100 _nVolume 1 _cStory: Haro Aso ; Art: Kotaro Takata ; aus dem Japanischen von Katrin Stamm |
| 250 | _a1. Aufl. | ||
| 264 | 3 | 1 |
_aHamburg _bCarlsen Manga _c21 |
| 300 |
_a152 Seiten _c140 g |
||
| 336 |
_aText _btxt _2rdacontent |
||
| 336 |
_aunbewegtes Bild _bsti _2rdacontent |
||
| 337 |
_aohne Hilfsmittel zu benutzen _bn _2rdamedia |
||
| 338 |
_aBand _bnc _2rdacarrier |
||
| 653 | _a(Produktform)Paperback / softback | ||
| 653 | _a(Zielgruppe)ab 16 Jahre | ||
| 653 | _a(Zielgruppe)bis 99 Jahre | ||
| 653 | _a(BISAC Subject Heading)CGN004050 | ||
| 653 | _a(Produktform (spezifisch))Unflipped manga format | ||
| 653 | _a(BISAC Subject Heading)CGN004040: COMICS & GRAPHIC NOVELS / Horror | ||
| 653 | _a(BISAC Subject Heading)CGN000000: COMICS & GRAPHIC NOVELS / General | ||
| 653 | _a(BISAC Subject Heading)CGN000000: COMICS & GRAPHIC NOVELS / General | ||
| 653 | _aDawn of the Dead | ||
| 653 | _aShaun of the Dead | ||
| 653 | _aNetflix | ||
| 653 | _aWunschliste | ||
| 653 | _aAnime | ||
| 653 | _aCrunchyroll | ||
| 653 | _aSpannung | ||
| 653 | _aHorror | ||
| 653 | _aMotorrad | ||
| 653 | _aComedy | ||
| 653 | _aSpaß | ||
| 653 | _alustig | ||
| 653 | _aBlut | ||
| 653 | _aEcchi | ||
| 653 | _aSupernatural | ||
| 653 | _a(BISAC Subject Heading)CGN004050: COMICS & GRAPHIC NOVELS / Manga / General | ||
| 653 | _a(VLB-WN)2182: Taschenbuch / Belletristik/Comic, Cartoon, Humor, Satire/Manga, Manhwa | ||
| 655 | 7 |
_0(DE-588)4010427-8 _0https://d-nb.info/gnd/4010427-8 _0(DE-101)040104273 _aComic _2gnd-content |
|
| 773 | 0 | 8 |
_q11 _w(DE-101)123644275X |
| 776 | 0 | 8 |
_iErscheint auch als _nOnline-Ausgabe _tZombie 100 – Bucket List of the Dead 1 _dHamburg : Carlsen Manga, 2021 _hOnline-Ressource, 160 Seiten, sw _w(DE-101)1290718342 |
| 787 | 0 | 8 |
_iIn Beziehung stehende Ressource _z9783551710987 |
| 787 | 0 | 8 |
_iIn Beziehung stehende Ressource _z9783551742339 |
| 787 | 0 | 8 |
_iIn Beziehung stehende Ressource _z9783551758842 |
| 856 | 4 | 2 |
_mX:MVB _qtext/html _uhttp://deposit.dnb.de/cgi-bin/dokserv?id=1ab04ce4ff4449e19264e71ab675eb90&prov=M&dok_var=1&dok_ext=htm _3Inhaltstext |
| 856 | 4 | 2 |
_mB:DE-101 _qapplication/pdf _uhttps://d-nb.info/1221972952/04 _3Inhaltsverzeichnis |
| 942 |
_2ddc _cMGA _n0 |
||
| 999 |
_c1230 _d1230 |
||